Focus (Record no. 81309)
[ view plain ]
| 000 -LEADER | |
|---|---|
| fixed length control field | 00934cab a22002175a 4500 |
| 001 - CONTROL NUMBER | |
| control field | L146846 |
| 008 - FIXED-LENGTH DATA ELEMENTS--GENERAL INFORMATION | |
| fixed length control field | 090304e20090228xxkdo f s 000 0 eng d |
| 035 ## - SYSTEM CONTROL NUMBER | |
| System control number | (Sirsi) u146846 |
| 041 0# - LANGUAGE CODE | |
| Language code of text/sound track or separate title | eng |
| 100 1# - MAIN ENTRY--PERSONAL NAME | |
| Personal name | Norman, Paul |
| 245 00 - TITLE STATEMENT | |
| Title | Focus |
| Remainder of title | Berkshire |
| 260 ## - PUBLICATION, DISTRIBUTION, ETC. | |
| Date of publication, distribution, etc. | 2009 |
| 490 #0 - SERIES STATEMENT | |
| Series statement | Estates Gazette |
| Volume/sequential designation | (0908) 28 February 2009, 97-105(7) |
| 520 ## - SUMMARY, ETC. | |
| Summary, etc. | Reveals that Reading councillors are seeking alternatives for a new civic centre after ditching plans for a £54m bespoke scheme. Reports on how landlords have slashed office and industrial rents, and that agents predict further cuts as the market slows. Considers whether or not the proposed delayed regeneration of Bracknell town centre will go ahead at all in light of the recession. |
| 590 ## - LOCAL NOTE (RLIN) | |
| Local note | KA |
| 651 #4 - SUBJECT ADDED ENTRY--GEOGRAPHIC NAME | |
| Geographic name | England |
| Chronological subdivision | 886- |
| 690 ## - LOCAL SUBJECT ADDED ENTRY--TOPICAL TERM (OCLC, RLIN) | |
| Topical term or geographic name as entry element | PROPERTY-COMMERCIAL PROPERTY-COMMERCIAL PROPERTY MARKET |
| 700 1# - ADDED ENTRY--PERSONAL NAME | |
| Personal name | Jack, Simon |
| 700 1# - ADDED ENTRY--PERSONAL NAME | |
| Personal name | Cavanagh, Elaine |
| 942 ## - ADDED ENTRY ELEMENTS (KOHA) | |
| Suppress in OPAC | 0 |
| Withdrawn status | Lost status | Source of classification or shelving scheme | Damaged status | Not for loan | Home library | Current library | Shelving location | Date acquired | Total Checkouts | Full call number | Barcode | Date last seen | Copy number | Price effective from | Koha item type |
|---|---|---|---|---|---|---|---|---|---|---|---|---|---|---|---|
| Dewey Decimal Classification | London | London | Journal article | 04/03/2009 | L146846 | 146846-1001 | 06/08/2019 | 1 | 06/08/2019 | Journal article |